LIBRARY & INFORMATION CENTRE, KCAET, TAVANUR

ONLINE PUBLIC ACCESS CATALOGUE (OPAC)

Plays, Vol 2 / J B Priestly. Textual Documents (Record no. 16164)

MARC details
000 -LEADER
fixed length control field 00243nam a22000977a 4500
003 - CONTROL NUMBER IDENTIFIER
control field OSt
008 - FIXED-LENGTH DATA ELEMENTS--GENERAL INFORMATION
fixed length control field 200611b ||||| |||| 00| 0 eng d
100 ## - MAIN ENTRY--AUTHOR NAME
Personal name Priestly, J B.
245 ## - TITLE STATEMENT
Title Plays, Vol 2 / J B Priestly. Textual Documents
942 ## - ADDED ENTRY ELEMENTS (KOHA)
Koha item type Books
Holdings
Withdrawn status Lost status Damaged status Home library Current library Date acquired Cost, normal purchase price Accession Number Koha item type Public note
Withdrawn     KAUAET Sanskrit University 11/06/2020 30.00 6730 Books Transferred to Sanskrit University
free website counter